000 00700nam a2200241Ia 4500
003 OSt
005 20220926005541.0
006 a|||||r|||| 00| 0
007 ta
008 220923b |||||||| |||| 00| 0 eng d
037 _cGeneral Book
040 _aRTL
_cRTL
_beng
041 _2eng
_aeng
082 _aX655.2k073.N7, L4
100 _aSingh D R
_9310541
245 0 _aInvestment policy and performance of U. S. subsida
260 _a New Delhi
_bSterling Publishers India
_c1974
300 _av, 208p.
_ccm.
500 _aBibliography p.193-200
650 _aForeign Investment
942 _hX655.2k073.N7, L4
_cGB
_2CC
999 _c614225
_d614225